00681nam a2200241 a 4500001001300000003000900013005001700022008004100039020002300080082001300103100002000116245003300136260003700169300000900206500003500215505001200250650001100262700002000273902000800293942000700301952011400308999001700422nice12345678IN_TiNIC20260116014347.0100408s2006 seca grp 000 0 eng  a9788173626852c13900a170bHUG aHughes, Barbara aDisciplines of a Godly Woman aSec-Bad bAuthentic Books c2006 a272p aincludes index and biblioraphy2 aIndices aEthics1 aHughes, Barbara bSRS cBK 001040708StackRoom-aHMIbHMId2010-04-13g139.00l0o170 HUGp023235r2010-04-13v139.00w2010-04-08yBK c14981d14981